Statistics for Bangladesh First Level Subdivisions

Click here to take the quiz!

General Stats

  • This quiz has been taken 69 times
  • The average score is 5 of 8

Answer Stats

Bibhag% Correct
Dhaka
100%
Chittagong
93%
Rangpur
68%
Rajshahi
64%
Sylhet
64%
Khulna
61%
Mymensingh
50%
Barishal
36%

Score Distribution

Percentile by Number Answered

Percent of People with Each Score

Your Score History

You have not taken this quiz